00916cam a2200229 a 450000100100000000500170001000800410002704000250006808200250009310000470011824500990016525000110026426000710027530000280034650400320037465000310040665000370043765000270047491000340050195201360053599900150067100000239020240513203638.0820524s1978 ve a b 001 0 spa  aDO-SdBNPbspacBNPHU a306.362bD542e, 19781 aDíaz-González, José Joaquín.9758910a!Tú eres esclavo! :bla esclavitud en la antigüedad /cJosé Joaquín Díaz-González. a2a ed. aMérida, Venezuela :bUniversidad de los Andes. Rectorado,c1978. a248 p. :bil. ;c23 cm. aBibliografía: p. 245-246. 4aEsclavitudxHistoria97590 4aEsclavitudzRomaxHistoria97591 0aHistoria social978961 aCatalogación por copia / LC 001052708MOaGRbGRcHDd2009-07-08e002344iLF1l0o306.362 D542e, 1978p2390-10r2020-06-25w2020-06-25y2ZPréstamo interno c2229d2229